[Event "EU-Cup 38th"]
[Site "Durres"]
[Date "2023.10.03"]
[Round "3.1"]
[White "Gelfand, Boris"]
[Black "Gozzoli, Yannick"]
[Result "1-0"]
[WhiteElo "2655"]
[BlackElo "2569"]
[PlyCount "81"]
[EventDate "2023.10.01"]
[EventType "team-swiss"]
[EventRounds "7"]
[EventCountry "ALB"]
[SourceTitle "EXT 2024"]
[Source "ChessBase"]
[SourceDate "2023.10.10"]
[SourceVersion "1"]
[SourceVersionDate "2023.10.10"]
[SourceQuality "1"]
[WhiteTeam "Rishon Le Zzion"]
[BlackTeam "Aix en Provence"]
[WhiteTeamCountry "ISR"]
[BlackTeamCountry "FRA"]

1. Nf3 d5 2. g3 Nf6 3. Bg2 Bf5 4. c4 e6 5. 0-0 Be7 6. Qb3 Qc8 7. Nc3 c6 8. d3 0-0 9. Be3 dxc4 10. Qxc4 h6 11. b4 Nbd7 12. Rfc1 e5 13. Qb3 Be6 14. Qb2 Ng4 15. Bd2 f5 16. a4 Qe8 17. b5 c5 18. b6 a6 19. a5 Qh5 20. h3 Ngf6 21. Ra4 Bd6 22. Be1 c4 23. dxc4 Nc5 24. Raa1 e4 25. Nd4 Bd7 26. Nd5 f4 27. Nxf4 Bxf4 28. gxf4 Bxh3 29. Ra3 Bxg2 30. Kxg2 Nd3 31. exd3 Ng4 32. dxe4 Qh2+ 33. Kf1 Rxf4 34. Nf3 Qh1+ 35. Ke2 Raf8 36. Qb3 Rxe4+ 37. Kd2 Qf1 38. Kc2 Nxf2 39. Kb1 Qg2 40. Rc2 Qh1 41. Ka2 1-0

[Event "FRA-ch 96th"]
[Site "L'Alpe d'Huez"]
[Date "2023.08.21"]
[Round "2.4"]
[White "Girel, Joseph"]
[Black "Gozzoli, Yannick"]
[Result "1/2-1/2"]
[WhiteElo "2462"]
[BlackElo "2564"]
[PlyCount "151"]
[EventDate "2023.08.18"]
[EventType "k.o."]
[EventRounds "4"]
[EventCountry "FRA"]
[SourceTitle "EXT 2024"]
[Source "ChessBase"]
[SourceDate "2023.10.10"]
[SourceVersion "1"]
[SourceVersionDate "2023.10.10"]
[SourceQuality "1"]

1. d4 Nf6 2. c4 e6 3. Nf3 d5 4. Nc3 Be7 5. Bf4 0-0 6. e3 Nbd7 7. c5 Ne4 8. h4 f6 9. Bd3 Nxc3 10. bxc3 e5 11. dxe5 Nxc5 12. Bc2 fxe5 13. Nxe5 Bf5 14. h5 Bxc2 15. Qxc2 Bf6 16. 0-0 Qe7 17. Nf3 Qe4 18. Qxe4 dxe4 19. Nd4 Rf7 20. a4 a6 21. a5 Nd3 22. Bg3 Rd8 23. Rab1 c5 24. Ne6 Rdd7 25. Rb3 Rfe7 26. Nf4 c4 27. Ra3 Be5 28. Ne2 Rd5 29. Rb1 Bxg3 30. Nxg3 Rg5 31. Ra4 Nxf2 32. Kxf2 Rf7+ 33. Kg1 Rxg3 34. Rxc4 h6 35. Rxe4 Rg5 36. Reb4 Rd7 37. R1b2 Rxh5 38. Rxb7 Rd3 39. R7b6 Rxa5 40. c4 Rc3 41. Rc6 Kh7 42. Rbb6 Rg5 43. Rb2 a5 44. Ra2 Rxe3 45. c5 Rc3 46. Ra6 Rcxc5 47. Kh2 h5 48. Kg1 Rge5 49. Kh2 g6 50. Ra3 Kh6 51. Kh3 Rg5 52. Ra2 Rgd5 53. Kh2 Kg5 54. Ra3 Kh6 55. Ra2 Rb5 56. Ra3 h4 57. Ra2 Kh5 58. Ra8 Kg5 59. Ra6 Rf5 60. Ra3 Kh6 61. Ra4 Kh5 62. Ra8 g5 63. Rh8+ Kg6 64. Ra8 Rfc5 65. Kh3 Rc3+ 66. Kh2 Rb1 67. R4xa5 Rcc1 68. R5a6+ Kh5 69. Rh8+ Kg4 70. Ra4+ Kf5 71. Rf8+ Kg6 72. Kh3 Rc3+ 73. Kh2 Rcc1 74. Kh3 Rc3+ 75. Kh2 Rcc1 76. Kh3 1/2-1/2

[Event "FRA-ch 96th"]
[Site "L'Alpe d'Huez"]
[Date "2023.08.21"]
[Round "2.3"]
[White "Gozzoli, Yannick"]
[Black "Girel, Joseph"]
[Result "1/2-1/2"]
[WhiteElo "2564"]
[BlackElo "2462"]
[PlyCount "114"]
[EventDate "2023.08.18"]
[EventType "k.o."]
[EventRounds "4"]
[EventCountry "FRA"]
[SourceTitle "EXT 2024"]
[Source "ChessBase"]
[SourceDate "2023.10.10"]
[SourceVersion "1"]
[SourceVersionDate "2023.10.10"]
[SourceQuality "1"]

1. d4 Nf6 2. Nf3 d5 3. c4 e6 4. Nc3 Bb4 5. Bg5 dxc4 6. e4 c5 7. Bxc4 cxd4 8. Nxd4 Bxc3+ 9. bxc3 Qa5 10. Nb5 Nxe4 11. Qd4 0-0 12. Qxe4 a6 13. 0-0 axb5 14. Bd3 f5 15. Qe2 Nc6 16. Bd2 Qc7 17. Bxb5 Bd7 18. a4 e5 19. Qc4+ Kh8 20. Rae1 Rae8 21. Qc5 Rf6 22. f4 e4 23. Be3 Rc8 24. Rd1 h6 25. Rd2 Be6 26. Rd6 Ne7 27. Qxc7 Rxc7 28. Bd4 Rg6 29. Be5 Rc8 30. Rfd1 Nc6 31. Bxc6 Rxc6 32. Rxc6 bxc6 33. Rd6 e3 34. g3 Bf7 35. Rxg6 Bxg6 36. a5 c5 37. a6 Be8 38. a7 Bc6 39. c4 Kg8 40. Bd6 g6 41. Bxc5 h5 42. Bxe3 Kf7 43. Bc5 Ke6 44. Kf2 Be4 45. h3 Bc6 46. Ke3 Bg2 47. Kd4 Bf3 48. Bf8 Bg2 49. Kc5 Kd7 50. Bg7 Bf3 51. Bd4 Bg2 52. Bf2 Bf3 53. Kd4 Ke6 54. Ke3 Bg2 55. Be1 Bb7 56. Bb4 Bg2 57. Kf2 Bb7 1/2-1/2

[Event "FRA-ch 96th"]
[Site "L'Alpe d'Huez"]
[Date "2023.08.20"]
[Round "2.1"]
[White "Gozzoli, Yannick"]
[Black "Girel, Joseph"]
[Result "1/2-1/2"]
[WhiteElo "2564"]
[BlackElo "2462"]
[PlyCount "37"]
[EventDate "2023.08.18"]
[EventType "k.o."]
[EventRounds "4"]
[EventCountry "FRA"]
[SourceTitle "EXT 2024"]
[Source "ChessBase"]
[SourceDate "2023.10.10"]
[SourceVersion "1"]
[SourceVersionDate "2023.10.10"]
[SourceQuality "1"]

1. d4 Nf6 2. Nf3 d5 3. c4 e6 4. Bg5 Bb4+ 5. Nc3 dxc4 6. e4 c5 7. Bxc4 cxd4 8. a3 Bxc3+ 9. bxc3 Qa5 10. Qxd4 Nc6 11. Qd3 Ne5 12. Nxe5 Qxe5 13. Be3 Bd7 14. f3 0-0 15. 0-0 Rfc8 16. Rfc1 Qc7 17. Bb3 e5 18. c4 Be6 19. c5 1/2-1/2

[Event "FRA Cup"]
[Site "La Roche sur Yon"]
[Date "2023.07.02"]
[Round "2.1"]
[White "Gozzoli, Yannick"]
[Black "Delchev, Aleksander"]
[Result "1-0"]
[WhiteElo "2575"]
[BlackElo "2513"]
[PlyCount "111"]
[EventDate "2023.07.01"]
[EventType "team-k.o."]
[EventRounds "2"]
[EventCountry "FRA"]
[SourceTitle "CBM 215 Extra"]
[Source "ChessBase"]
[SourceDate "2023.09.30"]
[SourceVersion "1"]
[SourceVersionDate "2023.09.30"]
[SourceQuality "1"]
[WhiteTeam "Aix En Provence"]
[BlackTeam "Asnieres"]
[WhiteTeamCountry "FRA"]
[BlackTeamCountry "FRA"]

1. d4 Nf6 2. Nf3 d5 3. c4 e6 4. g3 dxc4 5. Bg2 c5 6. 0-0 Nc6 7. Qa4 Bd7 8. Qxc4 cxd4 9. Nxd4 Rc8 10. Nc3 Nxd4 11. Qxd4 Bc5 12. Qh4 Bc6 13. Bxc6+ Rxc6 14. Rd1 Qa5 15. Bg5 Be7 16. Ne4 Qe5 17. Nxf6+ Bxf6 18. Bxf6 Qxf6 19. Qxf6 gxf6 20. Rac1 Rxc1 21. Rxc1 Kd7 22. Rc4 f5 23. e4 fxe4 24. Rxe4 Rg8 25. Rh4 Rg7 26. Kg2 f6 27. Kf3 Ke8 28. Ke3 Rc7 29. Rh6 Rf7 30. g4 Ke7 31. h4 Kd6 32. Kd4 b5 33. f4 a5 34. Ke4 a4 35. f5 exf5+ 36. Kxf5 Ke7 37. a3 Rg7 38. Rh5 Kf8 39. Kxf6 Rxg4 40. Rxb5 Rg6+ 41. Kf5 Kg7 42. Rb4 Ra6 43. Ke5 Kg6 44. Kd5 Kh5 45. Kc5 Ra5+ 46. Kb6 Ra8 47. Kb5 Ra7 48. Rxa4 Rb7+ 49. Kc6 Rxb2 50. Rc4 Ra2 51. a4 h6 52. Kb5 Rb2+ 53. Rb4 Rf2 54. a5 Rf5+ 55. Ka4 Rf6 56. Rc4 1-0

[Event "FRA-ch Rapid"]
[Site "Asnieres sur Seine"]
[Date "2023.06.25"]
[Round "1"]
[White "Gozzoli, Yannick"]
[Black "Bensaid, Alexandre"]
[Result "1-0"]
[WhiteElo "2575"]
[BlackElo "1908"]
[PlyCount "101"]
[EventDate "2023.06.25"]
[EventType "swiss (rapid)"]
[EventRounds "9"]
[EventCountry "FRA"]
[SourceTitle "CBM 214 Extra"]
[Source "ChessBase"]
[SourceDate "2023.07.31"]
[SourceVersion "1"]
[SourceVersionDate "2023.07.31"]
[SourceQuality "1"]

1. d4 Nf6 2. Nf3 e6 3. c4 c5 4. d5 exd5 5. cxd5 d6 6. e4 g6 7. Nc3 Bg7 8. Bg5 0-0 9. Nd2 b6 10. Be2 Ba6 11. 0-0 Re8 12. Bxa6 Nxa6 13. f4 Nc7 14. Qf3 Qd7 15. Rad1 b5 16. e5 dxe5 17. Bxf6 Bxf6 18. Nde4 Bg7 19. Nxc5 Qf5 20. d6 exf4 21. Nb7 Ne6 22. d7 Reb8 23. Nd5 Qg5 24. Nxf4 Nd4 25. Qe4 Qe5 26. Qxe5 Bxe5 27. d8Q+ Rxd8 28. Nxd8 Rxd8 29. Nd3 Bg7 30. Kh1 h5 31. g3 Nf5 32. Rfe1 Bh6 33. Ne5 Rc8 34. Re2 Ne3 35. Rb1 Re8 36. Nf3 Rd8 37. Rd2 Rc8 38. Re2 Rd8 39. Kg1 Rc8 40. h3 Nf5 41. g4 hxg4 42. hxg4 Nd6 43. Rd1 Nc4 44. g5 Bg7 45. b3 Nb6 46. Re7 a5 47. Rb7 Rc6 48. Rb8+ Kh7 49. Kg2 Bc3 50. Rh1+ Kg7 51. Rbh8 1-0

[Event "FRA-ch Rapid"]
[Site "Asnieres sur Seine"]
[Date "2023.06.25"]
[Round "7"]
[White "Lamaze, Simon"]
[Black "Gozzoli, Yannick"]
[Result "1/2-1/2"]
[WhiteElo "2377"]
[BlackElo "2575"]
[PlyCount "94"]
[EventDate "2023.06.25"]
[EventType "swiss (rapid)"]
[EventRounds "9"]
[EventCountry "FRA"]
[SourceTitle "CBM 214 Extra"]
[Source "ChessBase"]
[SourceDate "2023.07.31"]
[SourceVersion "1"]
[SourceVersionDate "2023.07.31"]
[SourceQuality "1"]

1. c4 e5 2. g3 Nf6 3. Bg2 h6 4. Nc3 Bb4 5. d3 c6 6. Nf3 d6 7. 0-0 0-0 8. e4 Re8 9. Bd2 Bg4 10. h3 Bxf3 11. Bxf3 Nbd7 12. a3 Ba5 13. Kg2 Nf8 14. Be3 Ne6 15. Bg4 d5 16. exd5 cxd5 17. Nxd5 Nxd5 18. cxd5 Qxd5+ 19. Bf3 Qd7 20. Qb3 Re7 21. Rac1 Bb6 22. Bxb6 axb6 23. Qxb6 Nd4 24. Bg4 f5 25. Bd1 Ra6 26. Bb3+ Kh7 27. Qb4 b5 28. Rc5 Rd6 29. Bd1 f4 30. Re1 Qb7+ 31. Re4 fxg3 32. fxg3 Rf6 33. Bb3 Qa8 34. Bd5 Qf8 35. Qd2 Re8 36. b4 Qd6 37. Re1 Ref8 38. Be4+ Kh8 39. Qe3 Qe6 40. Bd5 Qf5 41. Be4 Qf2+ 42. Qxf2 Rxf2+ 43. Kh1 Ne2 44. Rxe5 Nxg3+ 45. Kg1 Ne2+ 46. Kh1 Ng3+ 47. Kg1 Ne2+ 1/2-1/2

[Event "FRA-ch Blitz"]
[Site "Asnieres sur Seine"]
[Date "2023.06.24"]
[Round "3"]
[White "Gozzoli, Yannick"]
[Black "Matrand, Arnaud"]
[Result "1-0"]
[WhiteElo "2575"]
[BlackElo "2073"]
[PlyCount "91"]
[EventDate "2023.06.24"]
[EventType "swiss (blitz)"]
[EventRounds "13"]
[EventCountry "FRA"]
[SourceTitle "CBM 214 Extra"]
[Source "ChessBase"]
[SourceDate "2023.07.31"]
[SourceVersion "1"]
[SourceVersionDate "2023.07.31"]
[SourceQuality "1"]

1. d4 Nf6 2. Nf3 e6 3. c4 Bb4+ 4. Bd2 Qe7 5. g3 Nc6 6. Nc3 Bxc3 7. Bxc3 0-0 8. Bg2 Ne4 9. Rc1 d6 10. d5 Nxc3 11. Rxc3 Nb8 12. dxe6 Bxe6 13. Nd4 c6 14. 0-0 Nd7 15. Re3 Ne5 16. b3 Ng4 17. Rd3 Ne5 18. Nxe6 fxe6 19. Rxd6 Rad8 20. Rd4 c5 21. Rxd8 Rxd8 22. Qc1 Qd7 23. Qe3 Qd4 24. Qxd4 Rxd4 25. f4 Ng4 26. Bh3 h5 27. Bxg4 hxg4 28. Kf2 Rd2 29. Ra1 Kf7 30. Ke3 Rb2 31. Rd1 Ke7 32. Rd2 Rb1 33. Ke4 Rh1 34. e3 Ra1 35. Ke5 Re1 36. e4 g6 37. h3 gxh3 38. Rh2 Rg1 39. Rxh3 Rg2 40. Rh7+ Kf8 41. Kxe6 Rxg3 42. Kf6 Ke8 43. Rxb7 a5 44. Ra7 Rf3 45. f5 gxf5 46. exf5 1-0

[Event "FRA-ch Blitz"]
[Site "Asnieres sur Seine"]
[Date "2023.06.24"]
[Round "6"]
[White "Tregubov, Pavel V"]
[Black "Gozzoli, Yannick"]
[Result "1-0"]
[WhiteElo "2553"]
[BlackElo "2575"]
[PlyCount "65"]
[EventDate "2023.06.24"]
[EventType "swiss (blitz)"]
[EventRounds "13"]
[EventCountry "FRA"]
[SourceTitle "CBM 214 Extra"]
[Source "ChessBase"]
[SourceDate "2023.07.31"]
[SourceVersion "1"]
[SourceVersionDate "2023.07.31"]
[SourceQuality "1"]

1. e4 e5 2. Nf3 Nc6 3. Bc4 Nf6 4. d3 Be7 5. 0-0 0-0 6. Nc3 d6 7. a3 Be6 8. Nd5 Bxd5 9. exd5 Nb8 10. Re1 Nbd7 11. d4 exd4 12. Qxd4 Re8 13. Bd2 a6 14. a4 Bf8 15. Rxe8 Qxe8 16. Re1 Qb8 17. a5 g6 18. b4 Bg7 19. Qf4 Qf8 20. h3 Re8 21. Rxe8 Qxe8 22. Qe3 Qxe3 23. Bxe3 Ne4 24. Nd4 Nc3 25. Kf1 Nd1 26. b5 Nxe3+ 27. fxe3 Bxd4 28. exd4 axb5 29. Bxb5 Nf6 30. c4 Kf8 31. Bc6 bxc6 32. a6 Nd7 33. c5 1-0

[Event "Cap d'Agde Express Final"]
[Site "Cap d'Agde"]
[Date "2022.11.05"]
[Round "2"]
[White "Gozzoli, Yannick"]
[Black "Lagarde, Maxime"]
[Result "1-0"]
[WhiteElo "2586"]
[BlackElo "2573"]
[PlyCount "103"]
[EventDate "2022.11.05"]
[EventType "tourn (blitz)"]
[EventRounds "6"]
[EventCountry "FRA"]
[EventCategory "14"]
[SourceTitle "EXT 2024"]
[Source "ChessBase"]
[SourceDate "2023.10.10"]
[SourceVersion "1"]
[SourceVersionDate "2023.10.10"]
[SourceQuality "1"]

1. d4 f5 2. Nf3 Nf6 3. Bg5 e6 4. Nbd2 Be7 5. Bxf6 Bxf6 6. e4 0-0 7. Bd3 d5 8. exf5 exf5 9. 0-0 Nc6 10. c3 g5 11. Ne1 g4 12. f4 Ne7 13. Bc2 c6 14. Nd3 Ng6 15. Re1 Qc7 16. g3 Bg7 17. Nf1 Bd7 18. Ne3 Rae8 19. Qd2 b6 20. Ng2 Bc8 21. Ne5 c5 22. Bb3 c4 23. Bc2 Qd6 24. Re2 Nxe5 25. fxe5 Qc6 26. Nf4 Bh6 27. Rf1 Be6 28. Ref2 Rf7 29. Qe2 Ref8 30. Nh5 Kh8 31. Kh1 Bg5 32. Nf4 b5 33. Bb1 a5 34. Qc2 Bxf4 35. Rxf4 b4 36. h3 gxh3 37. Kh2 Rg7 38. Qf2 Rfg8 39. Bxf5 Bxf5 40. Rxf5 bxc3 41. bxc3 Rxg3 42. Qxg3 Rxg3 43. Kxg3 Qg6+ 44. Kxh3 Qh6+ 45. Kg4 Qe3 46. R1f3 Qg1+ 47. Kh4 Qe1+ 48. Kg5 Qg1+ 49. Kf6 Qg6+ 50. Ke7 Qg7+ 51. Kd6 Qg4 52. e6 1-0

[Event "Cap d'Agde Express Final"]
[Site "Cap d'Agde"]
[Date "2022.11.05"]
[Round "5"]
[White "Lagarde, Maxime"]
[Black "Gozzoli, Yannick"]
[Result "1/2-1/2"]
[WhiteElo "2573"]
[BlackElo "2586"]
[PlyCount "155"]
[EventDate "2022.11.05"]
[EventType "tourn (blitz)"]
[EventRounds "6"]
[EventCountry "FRA"]
[EventCategory "14"]
[SourceTitle "EXT 2024"]
[Source "ChessBase"]
[SourceDate "2023.10.10"]
[SourceVersion "1"]
[SourceVersionDate "2023.10.10"]
[SourceQuality "1"]

1. e4 e5 2. Nf3 Nc6 3. Bb5 a6 4. Ba4 Nf6 5. 0-0 b5 6. Bb3 Bb7 7. d3 Be7 8. a3 0-0 9. Nc3 d6 10. Re1 Qd7 11. Nd5 Nxd5 12. exd5 Nd4 13. Nxd4 exd4 14. a4 Bf6 15. Qf3 c5 16. dxc6 Bxc6 17. Bd5 Rac8 18. Bxc6 Qxc6 19. Qxc6 Rxc6 20. axb5 axb5 21. Re2 h6 22. b3 Rfc8 23. Ra2 d5 24. Kf1 Re6 25. Rxe6 fxe6 26. f4 g5 27. Ke2 Kf7 28. Kd1 gxf4 29. Bxf4 e5 30. Ra7+ Kg6 31. Bg3 Kf5 32. Rb7 h5 33. Be1 h4 34. Rxb5 Ke6 35. Rb6+ Kf5 36. b4 e4 37. b5 Ra8 38. Ra6 Rb8 39. b6 Bd8 40. Ba5 e3 41. b7 Bxa5 42. Rxa5 Ke5 43. Rb5 Kd6 44. Ke2 Kc6 45. Rb4 Kc5 46. Rb1 Kc6 47. c3 dxc3 48. Kxe3 c2 49. Rc1 Rxb7 50. Rxc2+ Kd6 51. Rf2 Ke5 52. d4+ Ke6 53. Rf4 Rb3+ 54. Kf2 h3 55. gxh3 Rxh3 56. Kg2 Rh8 57. h4 Rh7 58. Kg3 Rh8 59. Rf2 Rg8+ 60. Kh3 Rh8 61. Re2+ Kf5 62. Re5+ Kf4 63. Rxd5 Ra8 64. h5 Ra3+ 65. Kg2 Ra2+ 66. Kf1 Rh2 67. Kg1 Rh4 68. Kg2 Ke4 69. Kg3 Rh1 70. Rg5 Kxd4 71. Kf4 Rf1+ 72. Kg4 Ke4 73. Ra5 Rg1+ 74. Kh4 Kf4 75. Ra4+ Kf5 76. Ra5+ Kf4 77. Ra4+ Kf5 78. Ra5+ 1/2-1/2

[Event "FRA-ch 95th"]
[Site "Albi"]
[Date "2022.08.15"]
[Round "2.3"]
[White "Fressinet, Laurent"]
[Black "Gozzoli, Yannick"]
[Result "1-0"]
[WhiteElo "2624"]
[BlackElo "2575"]
[PlyCount "99"]
[EventDate "2022.08.12"]
[EventType "k.o."]
[EventRounds "4"]
[EventCountry "FRA"]
[SourceTitle "CBM 209 Extra"]
[Source "ChessBase"]
[SourceDate "2022.09.30"]
[SourceVersion "1"]
[SourceVersionDate "2022.09.30"]
[SourceQuality "1"]

1. e4 e5 2. Nf3 Nc6 3. Bc4 Nf6 4. d3 Be7 5. 0-0 0-0 6. Nc3 d6 7. a4 a5 8. Re1 Be6 9. Nd5 h6 10. c3 Re8 11. Qb3 Rb8 12. Be3 Bf8 13. h3 Bxd5 14. exd5 Ne7 15. Ba7 Ra8 16. Qxb7 Qc8 17. Qxc8 Rexc8 18. Be3 Nexd5 19. Bc1 Nb6 20. Bb3 Re8 21. Bc2 Nbd7 22. Bd2 c5 23. Ra3 Rab8 24. Bc1 d5 25. Rb3 Bd6 26. Rb5 Bc7 27. c4 Kf8 28. Nd2 Rxb5 29. axb5 Ra8 30. b3 Bd6 31. Bb2 Bc7 32. Bd1 d4 33. Bf3 Rd8 34. Ra1 Bb6 35. Bc1 Rc8 36. Ne4 Nxe4 37. Bxe4 Rc7 38. Bd2 Ra7 39. Bc6 Nb8 40. Bd5 g5 41. h4 f6 42. g3 Kg7 43. hxg5 hxg5 44. Kg2 Nd7 45. Be4 Nf8 46. Kf3 Ng6 47. Bxg6 Kxg6 48. Ke4 Rd7 49. g4 Kf7 50. Ra4 1-0

[Event "FRA-ch 95th"]
[Site "Albi"]
[Date "2022.08.15"]
[Round "2.5"]
[White "Fressinet, Laurent"]
[Black "Gozzoli, Yannick"]
[Result "0-1"]
[WhiteElo "2624"]
[BlackElo "2575"]
[PlyCount "122"]
[EventDate "2022.08.12"]
[EventType "k.o."]
[EventRounds "4"]
[EventCountry "FRA"]
[SourceTitle "CBM 209 Extra"]
[Source "ChessBase"]
[SourceDate "2022.09.30"]
[SourceVersion "1"]
[SourceVersionDate "2022.09.30"]
[SourceQuality "1"]

1. e4 e5 2. Nf3 Nc6 3. Bc4 Nf6 4. d3 Be7 5. 0-0 0-0 6. Nc3 d6 7. a4 Bg4 8. h3 Bxf3 9. Qxf3 Nd4 10. Qd1 c6 11. Ba2 Ne6 12. Ne2 d5 13. Ng3 Bc5 14. c3 dxe4 15. dxe4 Qxd1 16. Rxd1 Rfd8 17. Bd2 a6 18. Bxe6 fxe6 19. Kf1 Rd7 20. Bg5 Rad8 21. Rxd7 Rxd7 22. Bxf6 gxf6 23. Ke2 Kf7 24. Nf1 f5 25. f3 Kf6 26. Nd2 h5 27. Rd1 Rg7 28. Kf1 Rd7 29. exf5 Kxf5 30. Ke2 h4 31. Ne4 Rxd1 32. Kxd1 Be7 33. Ke2 b5 34. b3 Kf4 35. c4 bxa4 36. bxa4 Ba3 37. Kf2 Bb2 38. g3+ hxg3+ 39. Nxg3 Bd4+ 40. Kg2 Ke3 41. h4 Kd3 42. h5 e4 43. Nxe4 Kxc4 44. h6 Kb3 45. h7 Kxa4 46. Nc5+ Kb5 47. Nxe6 Bh8 48. Nf8 a5 49. Ng6 Bg7 50. Nf4 a4 51. Nd3 Kc4 52. Nc1 Kc3 53. Kf1 Kc2 54. Na2 Kb2 55. Nb4 Kc3 56. Na2+ Kb2 57. Nb4 a3 58. Ke2 c5 59. Nd3+ Kb1 60. Nxc5 a2 61. Nb3 Kb2 0-1

[Event "FRA-ch 95th"]
[Site "Albi"]
[Date "2022.08.15"]
[Round "2.7"]
[White "Fressinet, Laurent"]
[Black "Gozzoli, Yannick"]
[Result "1-0"]
[WhiteElo "2624"]
[BlackElo "2575"]
[PlyCount "81"]
[EventDate "2022.08.12"]
[EventType "k.o."]
[EventRounds "4"]
[EventCountry "FRA"]
[SourceTitle "CBM 209 Extra"]
[Source "ChessBase"]
[SourceDate "2022.09.30"]
[SourceVersion "1"]
[SourceVersionDate "2022.09.30"]
[SourceQuality "1"]

1. e4 e5 2. Nf3 Nc6 3. Bc4 Nf6 4. d3 Be7 5. 0-0 0-0 6. Re1 d6 7. a4 a5 8. h3 Be6 9. Nbd2 h6 10. c3 Qd7 11. Bxe6 fxe6 12. Nf1 Qe8 13. Ng3 Rb8 14. Be3 Qf7 15. Rc1 Kh8 16. d4 Nd7 17. d5 exd5 18. exd5 Nd8 19. Ne4 Nf6 20. Nxf6 Bxf6 21. b4 Ra8 22. Qb3 Qd7 23. Nd2 Nf7 24. Ra1 Bg5 25. Ne4 Bxe3 26. Rxe3 axb4 27. cxb4 Qf5 28. h4 Kg8 29. Rc1 Rac8 30. a5 Nh8 31. b5 Ng6 32. g3 Qh3 33. Qd1 Ne7 34. b6 Nf5 35. Rec3 Nd4 36. Qf1 Nf3+ 37. Rxf3 Qxf1+ 38. Kxf1 Rxf3 39. Nxd6 Rcf8 40. bxc7 Rxf2+ 41. Kg1 1-0

[Event "FRA-ch 95th"]
[Site "Albi"]
[Date "2022.08.14"]
[Round "2.1"]
[White "Fressinet, Laurent"]
[Black "Gozzoli, Yannick"]
[Result "1/2-1/2"]
[WhiteElo "2624"]
[BlackElo "2575"]
[PlyCount "89"]
[EventDate "2022.08.12"]
[EventType "k.o."]
[EventRounds "4"]
[EventCountry "FRA"]
[SourceTitle "CBM 209 Extra"]
[Source "ChessBase"]
[SourceDate "2022.09.30"]
[SourceVersion "1"]
[SourceVersionDate "2022.09.30"]
[SourceQuality "1"]

1. e4 e5 2. Nf3 Nc6 3. Bc4 Nf6 4. d3 Be7 5. 0-0 0-0 6. Nc3 d6 7. a3 Be6 8. Nd5 Nd4 9. Ng5 c6 10. Nxe6 Nxe6 11. Nxf6+ Bxf6 12. Ba2 d5 13. Be3 Qd6 14. Qg4 Rfd8 15. h4 Qd7 16. g3 dxe4 17. Qxe4 Nd4 18. c3 Nf5 19. Rad1 g6 20. Rfe1 Re8 21. h5 Nd6 22. Qf3 Qf5 23. Kg2 Qxf3+ 24. Kxf3 Nf5 25. Bc1 gxh5 26. Rh1 Ng7 27. Ke2 Rad8 28. Be3 b6 29. Rdg1 Rd6 30. g4 hxg4 31. Rxg4 Be7 32. Ra4 a5 33. Re4 Bd8 34. Rh3 Rf6 35. Rg3 Kf8 36. Reg4 Ne6 37. Rg8+ Ke7 38. Rxe8+ Kxe8 39. Rg8+ Kd7 40. Rh8 Nf4+ 41. Kd2 Ng2 42. Rxh7 Nxe3 43. Kxe3 Ke7 44. f3 b5 45. Ke4 1/2-1/2

[Event "FRA Cup"]
[Site "Paris"]
[Date "2022.06.26"]
[Round "2.1"]
[White "Gozzoli, Yannick"]
[Black "Piorun, Kacper"]
[Result "1/2-1/2"]
[WhiteElo "2594"]
[BlackElo "2627"]
[PlyCount "72"]
[EventDate "2022.06.25"]
[EventType "team-k.o."]
[EventRounds "2"]
[EventCountry "FRA"]
[SourceTitle "EXT 2023"]
[Source "ChessBase"]
[SourceDate "2022.10.05"]
[SourceVersion "1"]
[SourceVersionDate "2022.10.05"]
[SourceQuality "1"]
[WhiteTeam "Asnieres"]
[BlackTeam "Tremblay en France"]
[WhiteTeamCountry "FRA"]
[BlackTeamCountry "FRA"]

1. d4 Nf6 2. c4 e6 3. Nf3 b6 4. g3 Ba6 5. b3 Bb4+ 6. Bd2 Be7 7. Nc3 d5 8. cxd5 exd5 9. Bg2 0-0 10. 0-0 Re8 11. Re1 Nbd7 12. Bg5 h6 13. Bxf6 Nxf6 14. Ne5 Ba3 15. Qc2 c5 16. Nc6 Qd6 17. Nb1 Bd3 18. Qxd3 Bb2 19. Nc3 Bxa1 20. dxc5 Qxc6 21. Rxa1 Rad8 22. Rd1 Qxc5 23. Nxd5 Kh8 24. b4 Qc8 25. e4 Qe6 26. Qf1 Nxe4 27. Nc7 Rxd1 28. Qxd1 Nc3 29. Qf1 Qe7 30. Nxe8 Qxe8 31. Qc4 Qe1+ 32. Bf1 Ne4 33. Qc8+ Kh7 34. Qf5+ Kg8 35. Qc8+ Kh7 36. Qf5+ Kg8 1/2-1/2

[Event "FRA-chT Top 16 GpB"]
[Site "Chartres"]
[Date "2022.06.15"]
[Round "7.3"]
[White "Mendonca, Leon Luke"]
[Black "Gozzoli, Yannick"]
[Result "1-0"]
[WhiteElo "2562"]
[BlackElo "2594"]
[PlyCount "173"]
[EventDate "2022.06.09"]
[EventType "team-tourn"]
[EventRounds "7"]
[EventCountry "FRA"]
[SourceTitle "CBM 208 Extra"]
[Source "ChessBase"]
[SourceDate "2022.07.31"]
[SourceVersion "1"]
[SourceVersionDate "2022.07.31"]
[SourceQuality "1"]
[WhiteTeam "Mulhouse Philidor"]
[BlackTeam "Asnieres"]
[WhiteTeamCountry "FRA"]
[BlackTeamCountry "FRA"]

1. d4 d5 2. c4 e6 3. Nc3 Nf6 4. Nf3 c5 5. cxd5 exd5 6. Bg5 Be6 7. e3 c4 8. Be2 Bb4 9. 0-0 Nbd7 10. Bxf6 Qxf6 11. e4 Bxc3 12. bxc3 0-0 13. Rb1 Rab8 14. Nd2 b5 15. Bf3 Qg5 16. Re1 a6 17. a4 h6 18. g3 Nf6 19. e5 Ne8 20. Nf1 Nc7 21. Bg2 f5 22. exf6 Qxf6 23. f4 Bf5 24. Rb2 Bd3 25. Re5 b4 26. Rxb4 Rxb4 27. cxb4 Qb6 28. Ne3 Qxd4 29. Kh1 Rd8 30. h4 Qb2 31. Re7 d4 32. Ng4 Ne8 33. Nxh6+ gxh6 34. Qh5 Qb1+ 35. Kh2 Bg6 36. Bd5+ Rxd5 37. Qxd5+ Kf8 38. Qc5 Kg8 39. Qxc4+ Kf8 40. Qc5 Qc2+ 41. Qxc2 Bxc2 42. Rd7 d3 43. Kg2 Nf6 44. Rd4 Bxa4 45. Rxd3 Bc6+ 46. Kf2 Ke7 47. Ke3 Bb5 48. Rd1 Ke6 49. Rd8 Kf5 50. Kd4 h5 51. Rf8 Ke6 52. Ra8 Kf5 53. Ra7 Ne4 54. Rg7 Bf1 55. Rg8 Be2 56. Rf8+ Nf6 57. Rf7 Bb5 58. Re7 Kg6 59. Re6 Kf5 60. Re5+ Kg6 61. f5+ Kf7 62. Re6 Ng4 63. Ke4 Bc4 64. Rd6 Ke7 65. Rd4 Bb5 66. Kf4 Nf6 67. Rd1 Be8 68. Re1+ Kf7 69. Kg5 Bd7 70. Ra1 Bb5 71. Rc1 Ne4+ 72. Kf4 Nf2 73. Rc8 Kf6 74. Rf8+ Kg7 75. Rb8 Kf6 76. Rb6+ Kf7 77. Rh6 Nd3+ 78. Kg5 Nxb4 79. Rh7+ Kg8 80. Rb7 Nd5 81. Kxh5 Be8+ 82. Kg5 a5 83. h5 a4 84. h6 Nc3 85. h7+ Kh8 86. Re7 Bc6 87. Kh6 1-0

[Event "FRA-chT Top 16 GpB"]
[Site "Chartres"]
[Date "2022.06.14"]
[Round "6.7"]
[White "Gozzoli, Yannick"]
[Black "Hamdouchi, Hicham"]
[Result "1/2-1/2"]
[WhiteElo "2594"]
[BlackElo "2536"]
[PlyCount "67"]
[EventDate "2022.06.09"]
[EventType "team-tourn"]
[EventRounds "7"]
[EventCountry "FRA"]
[SourceTitle "CBM 208 Extra"]
[Source "ChessBase"]
[SourceDate "2022.07.31"]
[SourceVersion "1"]
[SourceVersionDate "2022.07.31"]
[SourceQuality "1"]
[WhiteTeam "Asnieres"]
[BlackTeam "Clichy Echecs 92"]
[WhiteTeamCountry "FRA"]
[BlackTeamCountry "FRA"]

1. d4 Nf6 2. c4 d6 3. Nf3 Nbd7 4. Nc3 e5 5. e4 g6 6. Be2 Bg7 7. 0-0 0-0 8. Be3 exd4 9. Nxd4 Re8 10. f3 c6 11. Qc2 a6 12. Rad1 Qc7 13. Bf2 Ne5 14. Kh1 c5 15. Nb3 Be6 16. f4 Nxc4 17. f5 Nxb2 18. fxe6 Nxd1 19. exf7+ Qxf7 20. Rxd1 Qe6 21. Bf3 Rac8 22. Bg3 Rcd8 23. h3 b5 24. Nd2 Kh8 25. a4 g5 26. Nd5 Nxd5 27. exd5 Qg6 28. Be4 Qh5 29. Bf3 Qg6 30. Be4 Qh5 31. Bf3 g4 32. Bxg4 Qxd5 33. Bh4 Rb8 34. Bf3 1/2-1/2